00521nam a2200157Ia 4500008004100000082001000041100004200051245007000093260002400163300000600187600004200193630003100235655002400266700004200290730003100332090630s9999 xx 000 0 und d b16447 aमाडगुळकर ग. दि. aबोलका शंख.cमाडगुळकर ग. दि. bशशिदीप. a0 aमाडगुळकर ग. दि. aबोलका शंख. aलघुकथा. aमाडगुळकर ग. दि. aबोलका शंख.